Droit administratif général : Exercices corrigés (notice n° 1566118)
[ vue normale ]
| 000 -LEADER | |
|---|---|
| fixed length control field | 01019cam a2200145 4500500 |
| 005 - DATE AND TIME OF LATEST TRANSACTION | |
| control field | 20251214001352.0 |
| 041 ## - LANGUAGE CODE | |
| Language code of text/sound track or separate title | fre |
| 042 ## - AUTHENTICATION CODE | |
| Authentication code | dc |
| 100 10 - MAIN ENTRY--PERSONAL NAME | |
| Personal name | Logéat, Catherine |
| Relator term | author |
| 245 00 - TITLE STATEMENT | |
| Title | Droit administratif général : Exercices corrigés |
| 260 ## - PUBLICATION, DISTRIBUTION, ETC. | |
| Name of publisher, distributor, etc. | Armand Colin,<br/> |
| Date of publication, distribution, etc. | 2010.<br/> |
| 520 ## - SUMMARY, ETC. | |
| Summary, etc. | La mise à jour tient compte de l’évolution législative et de la jurisprudenceLe droit administratif général est la « majeure » la plus redoutée par les étudiants de science politique et de droit (L2). Pour réussir, il faut en maîtriser les grands principes, les évolutions de la jurisprudence, mais surtout savoir les appliquer.Fortement méthodologique, ce manuel aborde les trois modalités du contrôle de connaissances sous forme d’exemples concrets : commentaire de décision du Conseil d’État, dissertation, cas pratique. |
| 700 10 - ADDED ENTRY--PERSONAL NAME | |
| Personal name | Paillard, Christine |
| Relator term | author |
| 856 41 - ELECTRONIC LOCATION AND ACCESS | |
| Uniform Resource Identifier | <a href="https://shs.cairn.info/droit-administratif-general--9782200249052?lang=fr&redirect-ssocas=7080">https://shs.cairn.info/droit-administratif-general--9782200249052?lang=fr&redirect-ssocas=7080</a> |
Pas d'exemplaire disponible.




Réseaux sociaux